[Event "SR 3. liga A2 2013/2014"]
[Site "?"]
[Date "2013.12.01"]
[Round "4.2"]
[White "Sebesta, Radovan"]
[Black "Kapusta, Petr"]
[Result "1-0"]
[WhiteElo "2035"]
[BlackElo "2139"]
[PlyCount "83"]
[EventDate "2013.??.??"]

1. d4 Nf6 2. c4 g6 3. Nc3 Bg7 4. e4 O-O 5. f3 d6 6. Bg5 c5 7. d5 h6 8. Be3 e6
9. Qd2 exd5 10. cxd5 Kh7 11. Bd3 Nbd7 12. Nh3 Ne5 13. Nf2 a6 14. a4 Rb8 15. O-O
b5 16. axb5 axb5 17. Bxb5 Rxb5 18. Nxb5 Nc4 19. Qe2 Nxe3 20. Qxe3 Nh5 21. Nc3
Bd4 22. Qd2 Qh4 23. Ne2 Be5 24. g3 Nxg3 25. hxg3 Bxg3 26. Nxg3 Qxg3+ 27. Kh1
Qxf3+ 28. Kh2 Re8 29. Ra3 Qh5+ 30. Kg2 Qe5 31. Rh1 h5 32. Rg3 f6 33. Qc3 Qf4
34. Ra1 Re7 35. Rf3 Qg5+ 36. Kf1 Bd7 37. Qxf6 Bb5+ 38. Ke1 Qg1+ 39. Kd2 Qxa1
40. Qxe7+ Kh6 41. Qf8+ Kg5 42. Qf4# 1-0

[Event "SR 3. liga A2 2013/2014"]
[Site "?"]
[Date "2013.12.01"]
[Round "4.2"]
[White "Londin, Martin"]
[Black "Gasa, Patrik"]
[Result "1-0"]
[WhiteElo "1960"]
[BlackElo "1956"]
[PlyCount "105"]
[EventDate "2013.??.??"]

1. e4 c5 2. Nf3 Nc6 3. Bb5 g6 4. Bxc6 bxc6 5. d3 Bg7 6. O-O Nf6 7. Nbd2 O-O 8.
c3 Ba6 9. Qc2 d5 10. Re1 Qc7 11. c4 e6 12. Nb3 Nd7 13. Be3 Rab8 14. a4 Rb4 15.
Nfd2 Rfb8 16. Ra3 Qe5 17. Rb1 d4 18. f4 Qc7 19. Bf2 Qxf4 20. Rf1 Qd6 21. Nf3
Ne5 22. Nxe5 Bxe5 23. g3 f5 24. exf5 exf5 25. Be1 R4b7 26. a5 Rf7 27. Nd2 Rbf8
28. Nf3 f4 29. g4 Bc8 30. Qg2 Bg7 31. Rb3 Re7 32. Bd2 Rfe8 33. Ng5 Re2 34. Rf2
Rxf2 35. Kxf2 f3 36. Nxf3 Qe6 37. h3 Qd6 38. Kg1 Bf6 39. Qh2 Qxh2+ 40. Kxh2
Re2+ 41. Kg1 Re8 42. Rb8 Kf7 43. Bf4 Ke6 44. a6 Be7 45. Ra8 h5 46. Rxa7 hxg4
47. hxg4 Rf8 48. Ng5+ Bxg5 49. Bxg5 Bd7 50. Kg2 Kd6 51. Rb7 Ra8 52. a7 Bxg4 53.
Be7+ 1-0

[Event "SR 3. liga A2 2013/2014"]
[Site "?"]
[Date "2013.12.01"]
[Round "4.2"]
[White "Lanik, Miroslav"]
[Black "Kubis, Ivan"]
[Result "0-1"]
[WhiteElo "1925"]
[BlackElo "1992"]
[PlyCount "60"]
[EventDate "2013.??.??"]

1. e4 e5 2. Nf3 Nc6 3. Bb5 a6 4. Ba4 Nf6 5. O-O Be7 6. Re1 b5 7. Bb3 O-O 8. c3
d5 9. exd5 Nxd5 10. Nxe5 Nxe5 11. Rxe5 c6 12. d4 Bd6 13. Re1 Qh4 14. g3 Qh3 15.
Be3 Bg4 16. Qd3 f5 17. Qf1 Qxf1+ 18. Kxf1 f4 19. gxf4 Bxf4 20. Bxd5+ cxd5 21.
Kg2 Bd6 22. Nd2 Rf6 23. f3 Bh5 24. Rf1 Re8 25. Rae1 Rg6+ 26. Kh1 Rge6 27. Bf2
Re2 28. Rxe2 Rxe2 29. Nb3 Bxf3+ 30. Kg1 Rxb2 0-1

[Event "SR 3. liga A2 2013/2014"]
[Site "?"]
[Date "2013.12.01"]
[Round "4.2"]
[White "Vepy, Ivan"]
[Black "Palka, Martin"]
[Result "1-0"]
[WhiteElo "1926"]
[BlackElo "1881"]
[PlyCount "77"]
[EventDate "2013.??.??"]

1. e4 c5 2. Nf3 e6 3. d4 cxd4 4. Nxd4 a6 5. Be2 Qc7 6. O-O Nf6 7. Bf3 Nc6 8.
Nxc6 bxc6 9. Nc3 Bb4 10. Bg5 Qe5 11. Bh4 O-O 12. Bg3 Qa5 13. Ne2 d5 14. exd5
cxd5 15. a3 Be7 16. b4 Qb6 17. c4 Bb7 18. c5 Qd8 19. Rc1 Rc8 20. Qa4 Qe8 21.
Qc2 Bc6 22. Nd4 Qd7 23. Rfe1 Ne8 24. Be2 Ra8 25. Nxc6 Qxc6 26. a4 Nf6 27. b5
axb5 28. axb5 Qb7 29. Be5 Ne4 30. c6 Qb6 31. Bd3 f5 32. Re2 Bf6 33. Bxf6 Rxf6
34. c7 Rff8 35. h3 Qd4 36. Bxe4 fxe4 37. Qc6 Qd3 38. Qxe6+ Kh8 39. Re3 1-0

[Event "SR 3. liga A2 2013/2014"]
[Site "?"]
[Date "2013.12.01"]
[Round "4.2"]
[White "Palka, Miroslav"]
[Black "Jarabek, Milan"]
[Result "1-0"]
[WhiteElo "1924"]
[BlackElo "1744"]
[PlyCount "113"]
[EventDate "2013.??.??"]

1. c4 Nf6 2. Nc3 c5 3. e3 g6 4. g3 Bg7 5. Bg2 O-O 6. Nge2 d6 7. O-O Nc6 8. d4
cxd4 9. exd4 Bg4 10. h3 Bd7 11. d5 Nb8 12. Be3 Qc8 13. Kh2 Qxc4 14. Rc1 Qb4 15.
Qd2 Na6 16. a3 Qa5 17. Nd4 Rfc8 18. Rfe1 Qd8 19. b4 Rc7 20. Ndb5 Bxb5 21. Nxb5
Rxc1 22. Rxc1 Rc8 23. Nxa7 Rxc1 24. Qxc1 Qc7 25. Nb5 Qxc1 26. Bxc1 Kf8 27. Kg1
Ke8 28. Kf1 Kd7 29. Ke2 Nc7 30. Nxc7 Kxc7 31. Kd3 Nd7 32. f4 e6 33. dxe6 fxe6
34. Kc4 Ba1 35. a4 Nb6+ 36. Kb5 Bd4 37. a5 Nd7 38. Kc4 Bf2 39. g4 d5+ 40. Kd3
Kc6 41. Bf1 Nf6 42. Be3 Bxe3 43. Kxe3 Ne4 44. Kd4 Kd6 45. Be2 Nf6 46. b5 Nd7
47. a6 bxa6 48. bxa6 Kc6 49. h4 Kb6 50. Bd3 Nc5 51. Bxg6 hxg6 52. f5 exf5 53.
gxf5 gxf5 54. a7 Kxa7 55. Kxc5 Kb7 56. h5 f4 57. Kd4 1-0

[Event "SR 3. liga A2 2013/2014"]
[Site "?"]
[Date "2013.12.01"]
[Round "4.2"]
[White "Hrubsa, Marian"]
[Black "Skapikova, Lubica"]
[Result "1-0"]
[WhiteElo "1801"]
[BlackElo "1893"]
[PlyCount "71"]
[EventDate "2013.??.??"]

1. e4 e5 2. Nf3 Nc6 3. Bb5 a6 4. Bxc6 dxc6 5. O-O Bd6 6. d4 Bg4 7. dxe5 Bxf3 8.
Qxf3 Bxe5 9. Qb3 b5 10. Be3 Ne7 11. c3 g6 12. Nd2 Nc8 13. f4 Bg7 14. Rad1 Qe7
15. e5 Nb6 16. Ne4 Nd7 17. Bd4 O-O-O 18. a4 h6 19. axb5 cxb5 20. Ra1 Kb7 21.
Qd5+ c6 22. Nd6+ Kc7 23. Qa2 Ra8 24. Qa5+ Kb8 25. c4 Qd8 26. Qxd8+ Rxd8 27.
Nxf7 Re8 28. cxb5 cxb5 29. Rfc1 Bf8 30. Rc6 Kb7 31. Rxg6 Nc5 32. Nd6+ Bxd6 33.
Rxd6 Ne6 34. Rb6+ Kc7 35. Rc1+ Kd7 36. Rb7+ 1-0

[Event "SR 3. liga A2 2013/2014"]
[Site "?"]
[Date "2013.12.01"]
[Round "4.2"]
[White "Fidericky, Milan"]
[Black "Vogl, Zdenek"]
[Result "0-1"]
[WhiteElo "1816"]
[BlackElo "1899"]
[PlyCount "50"]
[EventDate "2013.??.??"]

1. f4 Nc6 2. Nf3 Nf6 3. b3 d6 4. Bb2 Bg4 5. h3 Bxf3 6. exf3 e5 7. fxe5 Nxe5 8.
g3 Qe7 9. Kf2 O-O-O 10. d4 Nc6 11. Bb5 Re8 12. Qd2 a6 13. Bxc6 bxc6 14. Nc3 Qd7
15. Rae1 Rxe1 16. Qxe1 Be7 17. Qd2 d5 18. Kg2 Bd6 19. Ne2 Re8 20. c4 Qe6 21.
Kf2 dxc4 22. bxc4 Qxc4 23. a3 Qd5 24. Rc1 Qf5 25. g4 Ne4+ 0-1

[Event "SR 3. liga A2 2013/2014"]
[Site "?"]
[Date "2013.12.01"]
[Round "4.3"]
[White "Liptak, Tomas"]
[Black "Horak, Ivan"]
[Result "1-0"]
[WhiteElo "2108"]
[BlackElo "2070"]
[PlyCount "57"]
[EventDate "2013.??.??"]

1. e4 d5 2. exd5 Qxd5 3. Nc3 Qa5 4. d4 c6 5. Nf3 Nf6 6. Bd2 Qc7 7. g3 Bg4 8.
Bg2 e6 9. h3 Bxf3 10. Qxf3 Qb6 11. Qd3 Nbd7 12. Na4 Qc7 13. c4 O-O-O 14. Qb3
Nb6 15. Be3 Nxa4 16. Qxa4 a6 17. b4 e5 18. dxe5 Qxe5 19. O-O Bd6 20. Rfe1 Qc3
21. b5 Qb4 22. Qc2 axb5 23. cxb5 Qxb5 24. Rab1 Qa6 25. Rb3 Qa5 26. Reb1 Rd7 27.
Rxb7 Rxb7 28. Rxb7 Qe1+ 29. Kh2 1-0

[Event "SR 3. liga A2 2013/2014"]
[Site "?"]
[Date "2013.12.01"]
[Round "4.3"]
[White "Sefcik, Marek"]
[Black "Liptak, Dusan"]
[Result "1/2-1/2"]
[WhiteElo "2030"]
[BlackElo "2108"]
[PlyCount "69"]
[EventDate "2013.??.??"]

1. d4 f5 2. Nf3 g6 3. Bf4 Bg7 4. e3 c5 5. c3 Qb6 6. Qb3 Qxb3 7. axb3 cxd4 8.
exd4 d6 9. Na3 a6 10. Nb5 Kd8 11. Ng5 Nh6 12. Bc4 Nc6 13. Be6 Bd7 14. O-O Rc8
15. Na3 Kc7 16. Nc4 Rcf8 17. Rfe1 Nd8 18. Bxd7 Kxd7 19. d5 Re8 20. Re2 Ng4 21.
Rae1 h6 22. Ne6 Nxe6 23. Rxe6 g5 24. Bc1 Ne5 25. Nxe5+ dxe5 26. c4 e4 27. f3
exf3 28. gxf3 Bf6 29. Kf1 Rhf8 30. Bd2 Bxb2 31. Rxh6 Bf6 32. Rh5 Rh8 33. Rxh8
Rxh8 34. Kg2 Rh4 35. Be3 1/2-1/2

[Event "SR 3. liga A2 2013/2014"]
[Site "?"]
[Date "2013.12.01"]
[Round "4.3"]
[White "Kovacocy, Pavel"]
[Black "Kovarik, Oto"]
[Result "1-0"]
[WhiteElo "2198"]
[BlackElo "1925"]
[PlyCount "109"]
[EventDate "2013.??.??"]

1. e4 c5 2. Nf3 e6 3. d3 Nc6 4. g3 Be7 5. Bg2 d6 6. O-O Nf6 7. Re1 O-O 8. c3
Qc7 9. Nbd2 Bd7 10. Nf1 Rad8 11. Bd2 Bc8 12. h3 b6 13. d4 Bb7 14. Rc1 Qb8 15.
Qe2 Qa8 16. N1h2 Rfe8 17. Rcd1 Bf8 18. Bg5 Be7 19. Bc1 Bf8 20. g4 d5 21. e5 Ne4
22. Ng5 Nxg5 23. Bxg5 Be7 24. Bxe7 Nxe7 25. f4 cxd4 26. cxd4 Rc8 27. Qf2 g6 28.
Bf1 a6 29. Bd3 Rc7 30. Nf3 Kg7 31. Qh4 Ng8 32. f5 exf5 33. gxf5 Qd8 34. f6+ Kh8
35. Ng5 h6 36. Bxg6 fxg6 37. f7 Rf8 38. fxg8=Q+ Kxg8 39. Qxh6 Qe8 40. Rf1 Rf5
41. Rxf5 gxf5 42. Rd2 Rg7 43. Rg2 Qg6 44. Qxg7+ Qxg7 45. Ne6 Qxg2+ 46. Kxg2 Bc8
47. Ng5 Kg7 48. Kg3 Kg6 49. Kf4 Bd7 50. a3 b5 51. b4 Bc8 52. h4 Kh5 53. e6 Kxh4
54. e7 Bd7 55. Nf7 1-0

[Event "SR 3. liga A2 2013/2014"]
[Site "?"]
[Date "2013.12.01"]
[Round "4.3"]
[White "Kahanek, Jaroslav"]
[Black "Cechovic, Stefan"]
[Result "0-1"]
[WhiteElo "1861"]
[BlackElo "2140"]
[PlyCount "116"]
[EventDate "2013.??.??"]

1. d4 Nf6 2. Nc3 d5 3. e3 e6 4. a3 c5 5. dxc5 Bxc5 6. Nf3 O-O 7. b4 Be7 8. Bb2
b6 9. Be2 Bb7 10. O-O Nbd7 11. Qd4 Rc8 12. Bd3 Re8 13. Rfd1 h6 14. e4 e5 15.
Nxe5 Nxe5 16. Qxe5 Bxb4 17. Qf5 Bxc3 18. Bxc3 Rxc3 19. e5 Nd7 20. Qh7+ Kf8 21.
f4 Ke7 22. Qxg7 Rg8 23. Qxh6 Rc6 24. Qh4+ Ke8 25. Qh7 Kf8 26. Qh3 Nc5 27. Bf5
Ne6 28. Qe3 Rc4 29. Bxe6 fxe6 30. Qf2 Qc7 31. Rd2 Qc5 32. g3 Ke7 33. Qxc5+ Rxc5
34. a4 Rgc8 35. Ra2 Ba6 36. Kf2 Ra5 37. Ke1 Rc4 38. Rf2 Raxa4 39. Rxa4 Rxa4 40.
g4 Bc8 41. h4 Ra1+ 42. Ke2 Rg1 43. Kf3 Kf7 44. h5 d4 45. g5 Bb7+ 46. Ke2 Be4
47. Kd2 Rh1 48. h6 Rh3 49. Re2 Bf5 50. Rf2 Kg6 51. Kc1 Rh4 52. Kb2 b5 53. Kb3
a5 54. c4 Rh3+ 55. Ka2 bxc4 56. Rb2 Rb3 57. Rd2 d3 58. Rh2 Rb7 0-1

[Event "SR 3. liga A2 2013/2014"]
[Site "?"]
[Date "2013.12.01"]
[Round "4.3"]
[White "Sarmir, Milos"]
[Black "Husek, Lubomir"]
[Result "1-0"]
[WhiteElo "2075"]
[BlackElo "1829"]
[PlyCount "69"]
[EventDate "2013.??.??"]

1. e4 d6 2. d4 Nf6 3. Nc3 g6 4. Nf3 Bg7 5. Be2 O-O 6. O-O c5 7. d5 Nbd7 8. Bg5
h6 9. Be3 Ng4 10. Qd2 Nxe3 11. Qxe3 Nf6 12. Nd2 a6 13. a4 Bd7 14. Kh1 Rb8 15.
f4 Qc8 16. h3 h5 17. e5 Ne8 18. e6 fxe6 19. Bd3 e5 20. fxe5 Bf5 21. e6 Bxd3 22.
Qxd3 Kh7 23. Nde4 Nf6 24. Ng5+ Kh6 25. Nf7+ Kh7 26. Rf4 Qe8 27. Raf1 b5 28.
axb5 axb5 29. Ne4 Nxe4 30. Qxe4 Ra8 31. b3 Ra6 32. Rh4 Bf6 33. Rxh5+ Kg7 34.
Rxf6 exf6 35. Rh7+ 1-0

[Event "SR 3. liga A2 2013/2014"]
[Site "?"]
[Date "2013.12.01"]
[Round "4.3"]
[White "Hrubos, Milan"]
[Black "Markuliak, Mario"]
[Result "0-1"]
[WhiteElo "1772"]
[BlackElo "1819"]
[PlyCount "92"]
[EventDate "2013.??.??"]

1. e4 d6 2. d4 Nf6 3. Nc3 Nbd7 4. Be3 e5 5. Bc4 Be7 6. h3 c6 7. a4 a5 8. Nge2
O-O 9. g4 exd4 10. Nxd4 Nc5 11. f3 d5 12. exd5 Nxd5 13. Nxd5 cxd5 14. Bd3 Bh4+
15. Kf1 Nxd3 16. Qxd3 b6 17. Rd1 Qf6 18. Kg2 Bb7 19. Rhf1 Rfe8 20. c3 Re7 21.
Nf5 Ba6 22. Nxe7+ Qxe7 23. Qd2 Bxf1+ 24. Rxf1 Qd6 25. Bf4 Qc6 26. Rd1 Qxa4 27.
Qxd5 Re8 28. Qd2 Qb5 29. Qd3 Re2+ 30. Kh1 Qxd3 31. Rxd3 Rxb2 32. g5 h6 33. gxh6
gxh6 34. Bxh6 Kh7 35. Bf4 b5 36. Rd6 f6 37. Ra6 a4 38. Bd6 Rb1+ 39. Kg2 Rb2+
40. Kg1 Rf2 41. Rb6 Rxf3 42. Rxb5 Kg6 43. Bb4 Rxh3 44. Ra5 Be1 45. Rxa4 Bxc3
46. Kg2 Rh4 0-1

[Event "SR 3. liga A2 2013/2014"]
[Site "?"]
[Date "2013.12.01"]
[Round "4.3"]
[White "Vlkovic, Pavol"]
[Black "Fusek, Peter"]
[Result "1-0"]
[WhiteElo "1819"]
[BlackElo "1741"]
[PlyCount "112"]
[EventDate "2013.??.??"]

1. e4 e5 2. Bc4 Bc5 3. Nf3 d6 4. h3 h6 5. O-O Nf6 6. d3 Nc6 7. c3 O-O 8. Bb3
Qe7 9. Re1 Be6 10. Bc2 Nh7 11. Nbd2 f5 12. exf5 Bxf5 13. Bb3+ Be6 14. d4 Bb6
15. d5 Bf7 16. dxc6 bxc6 17. Nc4 Bxc4 18. Bxc4+ Kh8 19. Be3 Rf6 20. Bxb6 cxb6
21. Nh2 Raf8 22. f3 Ng5 23. Qe2 Qd8 24. Rad1 e4 25. Rf1 d5 26. fxe4 Rxf1+ 27.
Nxf1 Nxh3+ 28. gxh3 Qg5+ 29. Qg2 Qxg2+ 30. Kxg2 dxc4 31. Rd7 a5 32. Ng3 Rf6 33.
Nf5 Re6 34. Re7 Rg6+ 35. Kf2 Kg8 36. a4 Kf8 37. Rd7 Re6 38. Kf3 g5 39. Rd6 Kf7
40. Nxh6+ Ke7 41. Nf5+ Kf7 42. Rxe6 Kxe6 43. Nd4+ Kd6 44. Ke3 c5 45. Nb5+ Ke5
46. Kf3 Ke6 47. Kg4 Ke5 48. Kxg5 Kxe4 49. h4 Kd3 50. h5 Kc2 51. h6 Kxb2 52. h7
Kb3 53. h8=Q Kxa4 54. Nd6 Kb3 55. Qb8 Kxc3 56. Qxb6 Kd4 1-0

[Event "SR 3. liga A2 2013/2014"]
[Site "?"]
[Date "2013.12.01"]
[Round "4.3"]
[White "Cambal, Peter"]
[Black "Kavuljak, Alojz"]
[Result "0-1"]
[WhiteElo "1014"]
[BlackElo "1392"]
[PlyCount "116"]
[EventDate "2013.??.??"]

1. e4 e5 2. f4 d6 3. Nf3 exf4 4. d4 Nf6 5. Nc3 Be7 6. Bxf4 b6 7. Bc4 O-O 8. O-O
Bb7 9. d5 Nbd7 10. Qe1 Re8 11. h4 Nf8 12. Qg3 Nh5 13. Qh2 Ng6 14. Bg5 h6 15.
Bxe7 Qxe7 16. Rae1 Ne5 17. Nxe5 Qxe5 18. Rf2 Qxh2+ 19. Kxh2 Nf6 20. Kg1 a6 21.
a3 Re5 22. Rf5 Rae8 23. Rxe5 Rxe5 24. Bd3 Nxd5 25. Nxd5 Bxd5 26. Bxa6 Rxe4 27.
Rxe4 Bxe4 28. c3 Kh7 29. Kf2 Kg6 30. a4 Kh5 31. Kg3 g5 32. Be2+ Kg6 33. h5+ Kf5
34. b4 Ke5 35. a5 bxa5 36. bxa5 Ba8 37. a6 c6 38. Bg4 f5 39. Bf3 d5 40. Bd1 d4
41. Kf2 dxc3 42. Ke3 f4+ 43. Kd3 Kd5 44. Kxc3 Kc5 45. Bg4 Kb6 46. Be2 c5 47.
Bf1 g4 48. Kd2 g3 49. Ke1 f3 50. gxf3 Bxf3 51. Bh3 Kxa6 52. Kf1 Kb5 53. Kg1 c4
54. Bg2 Bxh5 55. Be4 Be8 56. Kf1 Bc6 57. Bf5 Kb4 58. Kg1 h5 0-1

[Event "SR 3. liga A2 2013/2014"]
[Site "?"]
[Date "2013.12.01"]
[Round "4.4"]
[White "Veselsky, Jozef"]
[Black "Doucha, Ludvik"]
[Result "1-0"]
[WhiteElo "2160"]
[BlackElo "2039"]
[PlyCount "79"]
[EventDate "2013.??.??"]

1. d4 f5 2. Nf3 Nf6 3. c4 e6 4. Nc3 d5 5. e3 c6 6. Bd3 Bd6 7. O-O O-O 8. Ne5
Nbd7 9. f4 Ne4 10. Bxe4 fxe4 11. Bd2 Nf6 12. Qe2 Bd7 13. c5 Be7 14. b4 a6 15.
a4 Qc7 16. b5 Bc8 17. Rfb1 Nd7 18. bxc6 bxc6 19. a5 Nxe5 20. fxe5 Bd8 21. Na4
Qd7 22. Ra2 Bc7 23. Rab2 Rf7 24. Be1 Qd8 25. h3 Bxa5 26. Bxa5 Qxa5 27. Nb6 Rb8
28. Qc2 Qa3 29. Rb3 Qa5 30. Qb2 Bb7 31. Ra1 Qb5 32. Rxb5 axb5 33. Rf1 Rbf8 34.
Rxf7 Rxf7 35. Qa2 g5 36. Qe2 h6 37. Qg4 Re7 38. h4 b4 39. hxg5 hxg5 40. Qxg5+
1-0

[Event "SR 3. liga A2 2013/2014"]
[Site "?"]
[Date "2013.12.01"]
[Round "4.4"]
[White "Sturdik, Igor"]
[Black "Pribila, Gerhard"]
[Result "1-0"]
[WhiteElo "2017"]
[BlackElo "2076"]
[PlyCount "87"]
[EventDate "2013.??.??"]

1. e4 c5 2. Nf3 e6 3. d4 cxd4 4. Nxd4 Nc6 5. Nc3 Qc7 6. Be3 a6 7. Qd2 Nf6 8.
O-O-O Be7 9. f3 O-O 10. h4 b5 11. g4 Bb7 12. h5 b4 13. Nce2 d5 14. g5 Nxd4 15.
Nxd4 Ne8 16. g6 dxe4 17. gxf7+ Kxf7 18. Bh3 Bc8 19. fxe4 e5 20. Ne6 Qa5 21.
Nxf8 Kxf8 22. Qd5 Qxd5 23. exd5 Bd6 24. Rhf1+ Kg8 25. Be6+ Bxe6 26. dxe6 a5 27.
h6 gxh6 28. Bxh6 Rc8 29. Rf7 Bc5 30. Rdf1 Nc7 31. Rg7+ Kh8 32. Rff7 Nxe6 33.
Rxh7+ Kg8 34. Rd7 a4 35. Rhf7 a3 36. bxa3 bxa3 37. Rf3 Rc7 38. Rg3+ Kh8 39.
Bg7+ Kh7 40. Rxc7 Nxc7 41. Bxe5 Nd5 42. Kb1 Ne3 43. Rg7+ Kh6 44. Rc7 1-0

[Event "SR 3. liga A2 2013/2014"]
[Site "?"]
[Date "2013.12.01"]
[Round "4.4"]
[White "Pribila, Michal"]
[Black "Lukacovic, Miroslav"]
[Result "1/2-1/2"]
[WhiteElo "2081"]
[BlackElo "2003"]
[PlyCount "51"]
[EventDate "2013.??.??"]

1. e4 e6 2. d4 d5 3. Nd2 Nf6 4. Bd3 c5 5. exd5 Qxd5 6. Ngf3 Nc6 7. dxc5 Bxc5 8.
O-O O-O 9. Qe2 a6 10. Rd1 Qh5 11. Ne4 Be7 12. Ng3 Qa5 13. c3 Rd8 14. Bg5 Bd7
15. Qc2 g6 16. h4 Be8 17. h5 Ne5 18. Nxe5 Qxe5 19. Ne4 Nd5 20. Bxe7 Nxe7 21.
hxg6 hxg6 22. Re1 Bc6 23. Rad1 Kg7 24. Ng3 Qg5 25. Be4 Nd5 26. Bxd5 1/2-1/2

[Event "SR 3. liga A2 2013/2014"]
[Site "?"]
[Date "2013.12.01"]
[Round "4.4"]
[White "Bahna, Jan"]
[Black "Kocak, Branislav"]
[Result "1/2-1/2"]
[WhiteElo "1951"]
[BlackElo "1912"]
[PlyCount "40"]
[EventDate "2013.??.??"]

1. e4 {0} c5 2. Nc3 a6 3. g3 g6 4. Bg2 Bg7 5. d3 d6 6. Nge2 Nc6 7. O-O Nd4 8.
h3 Nxe2+ 9. Nxe2 Nf6 10. Kh2 Qc7 11. f4 Bd7 12. a4 h5 13. c3 Bc6 14. Qc2 e6 15.
c4 e5 16. f5 Qe7 17. Bd2 a5 18. Rf2 g5 19. Rh1 Nd7 20. b3 f6 1/2-1/2

[Event "SR 3. liga A2 2013/2014"]
[Site "?"]
[Date "2013.12.01"]
[Round "4.4"]
[White "Jozefovic, Milan"]
[Black "Krist, Milan"]
[Result "1-0"]
[WhiteElo "1900"]
[BlackElo "1946"]
[PlyCount "107"]
[EventDate "2013.??.??"]

1. e4 d6 2. Bc4 Nf6 3. Nc3 e6 4. d4 Be7 5. Nf3 O-O 6. O-O d5 7. Bd3 dxe4 8.
Nxe4 Nc6 9. c3 b6 10. Bg5 Bb7 11. Qc2 Nxe4 12. Bxe7 Nxe7 13. Bxe4 Bxe4 14. Qxe4
Qd5 15. Qc2 Ng6 16. Rfe1 c5 17. Qe4 Rfd8 18. dxc5 Qxc5 19. Rad1 h6 20. g3 Rac8
21. Rd4 Rxd4 22. Nxd4 Nf8 23. Qe3 Qc4 24. a3 Nd7 25. Qe2 Qxe2 26. Rxe2 Kf8 27.
f4 a6 28. Kf2 Rc5 29. g4 e5 30. fxe5 Rxe5 31. Rd2 Rd5 32. h3 g6 33. c4 Re5 34.
Nc6 Rc5 35. Rxd7 Rxc6 36. b3 Rf6+ 37. Ke2 Re6+ 38. Kd2 Rf6 39. Rd3 Ke8 40. b4
Ke7 41. Kc3 Rd6 42. Rf3 Ke6 43. a4 f5 44. c5 bxc5 45. bxc5 Rd8 46. Kc4 Ke5 47.
c6 Ke4 48. Rf1 f4 49. Kc5 Rd3 50. Rc1 Rd8 51. c7 Rc8 52. Kb6 f3 53. Kb7 Rxc7+
54. Rxc7 1-0

[Event "SR 3. liga A2 2013/2014"]
[Site "?"]
[Date "2013.12.01"]
[Round "4.4"]
[White "Bukovsky, Milan"]
[Black "Brunovsky, Peter"]
[Result "1-0"]
[WhiteElo "1930"]
[BlackElo "1829"]
[PlyCount "125"]
[EventDate "2013.??.??"]

1. d4 Nf6 2. c4 c5 3. d5 b5 4. cxb5 a6 5. b6 g6 6. Nc3 Bg7 7. e4 d6 8. Nf3 O-O
9. Qb3 Bb7 10. Be2 Nbd7 11. O-O Qxb6 12. Qc2 Rab8 13. Rb1 Rfc8 14. Nd2 Qc7 15.
Nc4 Nb6 16. Nxb6 Qxb6 17. Be3 Qc7 18. b3 Nd7 19. Na4 a5 20. Qd2 Ra8 21. f4 Nb6
22. Nxb6 Qxb6 23. f5 Qb4 24. fxg6 hxg6 25. Bc4 Qxd2 26. Bxd2 Bd4+ 27. Kh1 Kg7
28. Rf3 Rh8 29. h3 Bc8 30. Bc3 Bxc3 31. Rxc3 Bd7 32. Rf1 Rab8 33. Rcf3 f6 34.
Kh2 Bb5 35. Bxb5 Rxb5 36. Rc3 Rb4 37. Re1 Rhb8 38. Kg3 a4 39. Ree3 axb3 40.
Rxb3 Rxb3 41. axb3 Ra8 42. Kg4 Rb8 43. Kf4 Rb4 44. g4 Kf7 45. h4 e6 46. dxe6+
Kxe6 47. h5 gxh5 48. gxh5 d5 49. h6 Kf7 50. Kf5 Rxe4 51. Rxe4 dxe4 52. Kxe4 Kg6
53. Kd5 Kxh6 54. Kxc5 f5 55. b4 f4 56. Kd4 Kg5 57. b5 Kg4 58. b6 f3 59. Ke3 Kg3
60. b7 Kg2 61. b8=Q f2 62. Qg8+ Kf1 63. Qf7 1-0

[Event "SR 3. liga A2 2013/2014"]
[Site "?"]
[Date "2013.12.01"]
[Round "4.4"]
[White "Valla, Tomas"]
[Black "Mosny, Jaroslav"]
[Result "1-0"]
[WhiteElo "1814"]
[BlackElo "1916"]
[PlyCount "86"]
[EventDate "2013.??.??"]

1. e4 e5 2. Bc4 Nc6 3. Nf3 Be7 4. c3 Nf6 5. d3 O-O 6. h3 d5 7. exd5 Nxd5 8. O-O
Be6 9. Bb3 Bf6 10. Re1 g6 11. Bh6 Re8 12. Na3 Bf5 13. Qd2 Qd7 14. Rad1 Rad8 15.
Bc2 Bg7 16. Kh2 f6 17. Bxg7 Kxg7 18. Nc4 Nf4 19. Ng1 Be6 20. b3 Ne7 21. Ne3 Qc6
22. g3 Nfd5 23. c4 Nxe3 24. fxe3 Nf5 25. Qf2 Qc5 26. Nf3 Bf7 27. Rd2 Qa5 28.
Bb1 c5 29. Rf1 Be6 30. g4 Nd6 31. d4 e4 32. d5 exf3 33. dxe6 Rxe6 34. Rd5 Rd7
35. Qxf3 Qc3 36. Rdd1 Qe5+ 37. Kg1 Qc3 38. Rd3 Qa5 39. Rd5 Qc3 40. Rd3 Qa1 41.
Rd5 Rde7 42. Bf5 Qc3 43. Bxe6 Rxe6 1-0

[Event "SR 3. liga A2 2013/2014"]
[Site "?"]
[Date "2013.12.01"]
[Round "4.4"]
[White "Hagara, Vladimir"]
[Black "Zajicek, Ferdinand"]
[Result "1-0"]
[WhiteElo "1873"]
[BlackElo "1823"]
[PlyCount "111"]
[EventDate "2013.??.??"]

1. c4 c5 2. Nc3 Nf6 3. g3 Nc6 4. Bg2 g6 5. e3 Bg7 6. Nge2 O-O 7. O-O d6 8. d4
cxd4 9. exd4 Qc7 10. b3 Rb8 11. Bb2 a6 12. d5 Ne5 13. Nd4 Qc5 14. Qd2 Ned7 15.
Na4 Qc7 16. Rac1 Nb6 17. Nxb6 Qxb6 18. Rfe1 Re8 19. h3 Bd7 20. Re2 Rbc8 21.
Rce1 Kf8 22. Kh1 Qd8 23. Bc3 b6 24. Bb4 a5 25. Ba3 Ng8 26. Kh2 Nf6 27. Bb2 Rc7
28. a4 Rc8 29. Ba3 Rc7 30. Nc6 Bxc6 31. dxc6 Rc8 32. f4 Ng8 33. Bf3 h5 34. Qd3
Qc7 35. Kg1 Rcd8 36. Rd1 Nf6 37. Red2 Kg8 38. Qe3 Bf8 39. Bb2 Bg7 40. Bd4 Rb8
41. Qf2 Kf8 42. Rd3 Kg8 43. Be3 Kf8 44. Bg2 Red8 45. f5 Kg8 46. fxg6 fxg6 47.
Bg5 Rf8 48. Qe2 Rbe8 49. Qe6+ Kh8 50. Re1 Qc8 51. Qxc8 Rxc8 52. Rxe7 Ne8 53.
Rb7 Rf5 54. h4 Kg8 55. Bd5+ Kf8 56. Be7# 1-0

[Event "SR 3. liga A2 2013/2014"]
[Site "?"]
[Date "2013.12.01"]
[Round "4.5"]
[White "Szucs, Vladimir"]
[Black "Ress, Tamas"]
[Result "1/2-1/2"]
[WhiteElo "2248"]
[BlackElo "2309"]
[PlyCount "35"]
[EventDate "2013.??.??"]

1. d4 d5 2. c4 c6 3. cxd5 cxd5 4. Nf3 Nf6 5. Nc3 Nc6 6. Bf4 Bf5 7. e3 e6 8. Bd3
Bxd3 9. Qxd3 Bd6 10. Bxd6 Qxd6 11. O-O O-O 12. Rac1 Rac8 13. a3 a6 14. Na4 b5
15. Nc5 Na5 16. b4 Nc4 17. Rc2 Rc7 18. Ra1 1/2-1/2

[Event "SR 3. liga A2 2013/2014"]
[Site "?"]
[Date "2013.12.01"]
[Round "4.5"]
[White "Schmikli, Laszlo"]
[Black "Sekera, Branislav"]
[Result "0-1"]
[WhiteElo "2244"]
[BlackElo "2171"]
[PlyCount "126"]
[EventDate "2013.??.??"]

1. e4 Nc6 2. Nf3 d5 3. exd5 Qxd5 4. Nc3 Qa5 5. d4 Bg4 6. Bb5 a6 7. Bxc6+ bxc6
8. Qd3 Qf5 9. Ne5 Qxd3 10. cxd3 Bf5 11. Ke2 e6 12. Nxc6 Nf6 13. Be3 Bd6 14. f3
O-O 15. g4 Bg6 16. Ne4 Nd5 17. Ne5 Rfb8 18. Rab1 Bf8 19. Rhc1 Rb7 20. h4 f6 21.
Nxg6 hxg6 22. Nc3 Bd6 23. Nxd5 exd5 24. Rc6 Rbb8 25. Kf2 Kf7 26. Rc2 Rh8 27.
Rh1 Ke6 28. Kg2 Kd7 29. Bf2 f5 30. Rhc1 Rh7 31. Re1 Rah8 32. g5 Rb8 33. Bg3 Rb4
34. Bf2 Rh8 35. Rce2 a5 36. Re6 Rxb2 37. Rxg6 Rxh4 38. Rxg7+ Kc6 39. Rf1 Rh2+
40. Kg1 Bf4 41. Re7 Rh5 42. Re6+ Kd7 43. Rfe1 Rxg5+ 44. Kf1 Rxa2 45. Re7+ Kc6
46. R7e6+ Bd6 47. Rc1+ Kd7 48. Rh6 Rg7 49. Rh8 a4 50. Bh4 a3 51. Rd8+ Ke6 52.
Re1+ Kf7 53. Rd7+ Kg6 54. Rd8 Rb2 55. Re6+ Kh7 56. Ra8 a2 57. Be1 Rgg2 58. Ra7
Rh2 59. Kg1 Rhe2 60. Rxe2 Rxe2 61. Bf2 Bf4 62. Kf1 Rb2 63. Be1 Bd2 0-1

[Event "SR 3. liga A2 2013/2014"]
[Site "?"]
[Date "2013.12.01"]
[Round "4.5"]
[White "Kavon, Rastislav"]
[Black "Ivan, Imrich"]
[Result "1/2-1/2"]
[WhiteElo "2026"]
[BlackElo "2071"]
[PlyCount "141"]
[EventDate "2013.??.??"]

1. e4 e6 2. d4 d5 3. Nd2 dxe4 4. Nxe4 Nd7 5. Nf3 Ngf6 6. Nxf6+ Nxf6 7. Bd3 Be7
8. O-O O-O 9. b3 b6 10. Bb2 Bb7 11. Qe2 Qd5 12. c4 Qh5 13. Ne5 Qxe2 14. Bxe2
Rad8 15. Rad1 Nd7 16. Bf3 Bxf3 17. Nxf3 Rfe8 18. Rd2 Bf6 19. Rfd1 Nf8 20. h3
Ng6 21. g3 Ne7 22. Ba3 c6 23. Ne5 Bxe5 24. Bxe7 Rxe7 25. dxe5 Rxd2 26. Rxd2 Kf8
27. Rd8+ Re8 28. Rd6 c5 29. Rc6 Re7 30. Kf1 g6 31. Rc8+ Re8 32. Rc6 Re7 33. a4
Rb7 34. Ke2 Ke7 35. g4 Kd7 36. Rd6+ Kc7 37. Rd3 a6 38. Kd2 b5 39. axb5 axb5 40.
cxb5 Kb6 41. Kc3 Kxb5 42. Rd8 Kc6 43. Rd6+ Kc7 44. Rd3 Kc6 45. Rd6+ Kc7 46. Ra6
Kd7 47. Ra5 Kc6 48. Ra4 Kd5 49. f4 g5 50. fxg5 Kxe5 51. Kc4 Rb4+ 52. Kxc5 Rxb3
53. Ra7 Rc3+ 54. Kb4 Rf3 55. Kc5 Rc3+ 56. Kb4 Rxh3 57. Rxf7 Rh4 58. Kc3 Rxg4
59. Rxh7 Rxg5 60. Kd2 Rg4 61. Rh3 Ra4 62. Ke1 Kd5 63. Rd3+ Ke4 64. Rh3 Ra1+ 65.
Ke2 Ra2+ 66. Ke1 e5 67. Rb3 Kf4 68. Rc3 e4 69. Rb3 Rg2 70. Ra3 e3 71. Ra8
1/2-1/2